| 000 | 00956cam a22002774a 4500 | ||
|---|---|---|---|
| 999 |
_c10992 _d10992 |
||
| 001 | 12610671 | ||
| 003 | OSt | ||
| 005 | 20191224103501.0 | ||
| 008 | 011206s2003 ohua b 001 0 eng | ||
| 010 | _a 2001057724 | ||
| 020 | _a9789812548887 | ||
| 040 |
_aDLC _cDLC _dDLC |
||
| 042 | _apcc | ||
| 050 | 0 | 0 |
_aHJ141 _b.U43 2003 |
| 082 | 0 | 0 |
_a336 _221 |
| 100 | 1 |
_aUlbrich, Holley H. _9712 |
|
| 245 | 1 | 0 |
_aPublic finance in theory and practice / _cHolley H. Ulbrich. |
| 246 | 3 | 4 | _aPublic finance in theory & practice |
| 260 |
_aMason, Ohio : _bThomson, _cc2003. |
||
| 300 |
_axvii, 445 p. : _bill. (some col.) ; _c24 cm. |
||
| 504 | _aIncludes bibliographical references and index. | ||
| 650 | 0 | _aFinance, Public. | |
| 906 |
_a7 _bcbc _corignew _d1 _eocip _f20 _gy-gencatlg |
||
| 942 |
_2ddc _cBK _h336 _iULB/P _k336 _mULB/P |
||